000 00954cab a2200289 4500
001 ABS59120
008 090401t1998 xxu||||| |||| 00| 0 eng d
035 _a(Sirsi) u87852
041 _aeng
100 _aElford, J.
245 _aTransport White Paper
260 _c1998
350 _a0
490 _aProperty Week
_v63(15) 31 July 1998, 24-25(2)
520 _aReview of the proposals of the Transport White Paper. Discusses the proposed charges for workplace parking, road user charges, and delegation of power to local authorities. Considers the proposals from a planning perspective.
650 _aINTEGRATED TRANSPORT
650 _aOUT OF TOWN
650 _aPLANNING APPLICATIONS
650 _aROAD USER CHARGES
650 _aSUSTAINABLE DEVELOPMENT
650 _aTOWN CENTRES
650 _aTRANSPORT WHITE PAPER
650 _aWORKPLACE PARKING
690 _aTRANSPORT AND COMMUNICATION
942 _n0
948 _c05/08/1998
999 _c55450
_d55450